Personal development for work and life. (Record no. 6343)
[ view plain ]
| 000 -LEADER | |
|---|---|
| fixed length control field | 00553nam a22002057i 4500 |
| 003 - CONTROL NUMBER IDENTIFIER | |
| control field | URS |
| 020 ## - INTERNATIONAL STANDARD BOOK NUMBER | |
| International Standard Book Number | 9789814319874 |
| 050 ## - LIBRARY OF CONGRESS CALL NUMBER | |
| Classification number | HQ 796 |
| Item number | M39p 2015 |
| 100 1# - MAIN ENTRY--PERSONAL NAME | |
| Personal name | Masters, L.Ann |
| 245 ## - TITLE STATEMENT | |
| Title | Personal development for work and life. |
| 264 #1 - PRODUCTION, PUBLICATION, DISTRIBUTION, MANUFACTURE, AND COPYRIGHT NOTICE | |
| Place of production, publication, distribution, manufacture | Singapore : |
| Name of producer, publisher, distributor, manufacturer | Cengage learning, |
| Date of production, publication, distribution, manufacture, or copyright notice | 2015. |
| 300 ## - PHYSICAL DESCRIPTION | |
| Extent | 456 pages |
| Other physical details | illustrations |
| Dimensions | 21cm |
| 336 ## - CONTENT TYPE | |
| Content type term | text |
| Content type code | txt |
| Source | rdacontent |
| 337 ## - MEDIA TYPE | |
| Media type term | unmediated |
| Media type code | n |
| Source | rdamedia |
| 338 ## - CARRIER TYPE | |
| Carrier type term | volume |
| Carrier type code | nc |
| Source | rdacarrier |
| 500 ## - GENERAL NOTE | |
| General note | Includes index |
| 650 #0 - SUBJECT ADDED ENTRY--TOPICAL TERM | |
| Topical term or geographic name entry element | Personality. |
| 700 1# - ADDED ENTRY--PERSONAL NAME | |
| Personal name | Wallace, Harold R. |
| 942 ## - ADDED ENTRY ELEMENTS (KOHA) | |
| Koha item type | Foreign Books |
| Withdrawn status | Damaged status | Not for loan | Collection code | Home library | Current library | Shelving location | Date acquired | Source of acquisition | Total Checkouts | Full call number | Barcode | Date last seen | Price effective from | Koha item type |
|---|---|---|---|---|---|---|---|---|---|---|---|---|---|---|
| Non-fiction | Pililla College Library | Pililla College Library | General Stacks | 02/11/2016 | purchased | 155.2 M39p 2015 | URSPIL-5589 | 05/31/2019 | 02/11/2016 | Foreign Books | ||||
| Non-fiction | Pililla College Library | Pililla College Library | General Stacks | 02/11/2016 | purchased | 155.2 M39p 2015 | URSPIL-5590 | 05/31/2019 | 02/11/2016 | Foreign Books |